| 000 | 00528pab a2200193 454500 | ||
|---|---|---|---|
| 008 | 180718b2003 xxu||||| |||| 00| 0 eng d | ||
| 100 | _aGilmartin, David | ||
| 245 | _aCattle, crime and colonialism: property as negotiation in North India | ||
| 260 | _c2003 | ||
| 300 | _ap.33-56. | ||
| 362 | _aJan-Mar | ||
| 650 | _aCattle - India | ||
| 650 | _aProperty - India | ||
| 650 | _aColonialism - India | ||
| 650 | _aCrime - India | ||
| 650 | _aCrime | ||
| 773 | _aIndian Economic and Social History Review | ||
| 909 | _a56372 | ||
| 999 |
_c56372 _d56372 |
||